[Event "COL-ch U1700"]
[Site "Pereira"]
[Date "2022.02.20"]
[Round "8"]
[White "Pena Mora, Carlos"]
[Black "Lopez Mahecha, Natalia"]
[Result "0-1"]
[WhiteElo "1426"]
[BlackElo "1086"]
[PlyCount "62"]
[EventDate "2022.02.16"]
[EventType "swiss"]
[EventRounds "9"]
[EventCountry "COL"]
[SourceTitle "CBM 207 Extra"]
[Source "ChessBase"]
[SourceDate "2022.05.31"]
[SourceVersion "1"]
[SourceVersionDate "2022.05.31"]
[SourceQuality "1"]

1. e4 e5 2. Nf3 Nc6 3. Bc4 Nf6 4. d3 d6 5. Bg5 h6 6. Bxf6 Qxf6 7. Nc3 Be7 8. Nd5 Qg6 9. c3 Bd8 10. Qe2 0-0 11. Bb3 Be6 12. 0-0-0 Ne7 13. c4 Nxd5 14. exd5 Bf5 15. Bc2 c6 16. dxc6 bxc6 17. h3 Bb6 18. Kb1 Qxg2 19. Nh4 Qg5 20. Nxf5 Qxf5 21. Rd2 Bd4 22. Qe4 Qxe4 23. dxe4 Rfd8 24. h4 d5 25. cxd5 cxd5 26. f3 dxe4 27. fxe4 Bb6 28. Rhd1 Rxd2 29. Rxd2 Rd8 30. Kc1 Be3 31. Bd3 Rxd3 0-1

[Event "COL Subzt 2.3.4"]
[Site "Risarald"]
[Date "2021.11.28"]
[Round "9"]
[White "Varela Sanchez, David Yoel"]
[Black "Pena Mora, Carlos"]
[Result "0-1"]
[WhiteElo "1257"]
[BlackElo "1442"]
[PlyCount "90"]
[EventDate "2021.11.23"]
[EventType "swiss"]
[EventRounds "9"]
[EventCountry "COL"]
[SourceTitle "CBM 205 Extra"]
[Source "ChessBase"]
[SourceDate "2022.01.31"]
[SourceVersion "1"]
[SourceVersionDate "2022.01.31"]
[SourceQuality "1"]

1. e4 c6 2. d4 d5 3. exd5 cxd5 4. c3 Nf6 5. Bf4 Bg4 6. Be2 Bf5 7. Bd3 Bg4 8. f3 Bd7 9. Ne2 Nc6 10. 0-0 e6 11. Re1 Be7 12. Nd2 0-0 13. Bg3 Nh5 14. Bf2 f5 15. f4 Bd6 16. g3 Kh8 17. Nf3 h6 18. Qd2 Nf6 19. Ne5 Ne4 20. Bxe4 fxe4 21. Ng6+ Kg8 22. Nxf8 Bxf8 23. Nc1 Ne7 24. Nb3 b6 25. a4 h5 26. a5 Nf5 27. axb6 axb6 28. Rxa8 Qxa8 29. Ra1 Qd8 30. Qe2 h4 31. Nd2 hxg3 32. hxg3 Qe8 33. Nf1 Bb5 34. Qd1 Bd3 35. Ne3 Qg6 36. Qg4 Qh7 37. Ra8 b5 38. Qg5 Kf7 39. Nxf5 exf5 40. Qd8 Qh3 41. Qxf8+ Kg6 42. Ra7 Qf1+ 43. Kh2 Qxf2+ 44. Kh3 Bf1+ 45. Kh4 Qh2# 0-1

[Event "COL Subzt 2.3.4"]
[Site "Risarald"]
[Date "2021.11.25"]
[Round "4"]
[White "Dabraccio, Guillermo"]
[Black "Pena Mora, Carlos"]
[Result "1-0"]
[WhiteElo "1593"]
[BlackElo "1442"]
[PlyCount "43"]
[EventDate "2021.11.23"]
[EventType "swiss"]
[EventRounds "9"]
[EventCountry "COL"]
[SourceTitle "CBM 205 Extra"]
[Source "ChessBase"]
[SourceDate "2022.01.31"]
[SourceVersion "1"]
[SourceVersionDate "2022.01.31"]
[SourceQuality "1"]

1. d4 e6 2. Nf3 f5 3. e4 d5 4. e5 Be7 5. c4 c6 6. Nc3 g5 7. Nxg5 Bxg5 8. Qh5+ Kd7 9. Bxg5 Qe8 10. Qh4 Ne7 11. cxd5 exd5 12. Rc1 h6 13. Bf6 Rh7 14. Bd3 Qg6 15. g4 Ke8 16. Bxe7 Rxe7 17. Nxd5 cxd5 18. Rxc8+ Kf7 19. Bxf5 Qg5 20. Qxg5 hxg5 21. h4 Re8 22. Bg6+ 1-0

[Event "COL Subzt 2.3.4"]
[Site "Risarald"]
[Date "2021.11.24"]
[Round "3"]
[White "Molina Ballesteros, Juan Sebastian"]
[Black "Pena Mora, Carlos"]
[Result "1-0"]
[WhiteElo "1733"]
[BlackElo "1442"]
[PlyCount "55"]
[EventDate "2021.11.23"]
[EventType "swiss"]
[EventRounds "9"]
[EventCountry "COL"]
[SourceTitle "CBM 205 Extra"]
[Source "ChessBase"]
[SourceDate "2022.01.31"]
[SourceVersion "1"]
[SourceVersionDate "2022.01.31"]
[SourceQuality "1"]

1. e4 c6 2. d4 d5 3. Nd2 dxe4 4. Nxe4 Nf6 5. Nxf6+ exf6 6. Nf3 Bd6 7. Be2 0-0 8. 0-0 c5 9. Be3 cxd4 10. Nxd4 a6 11. Bd3 g6 12. Bh6 Re8 13. Re1 Rxe1+ 14. Qxe1 Bf8 15. Bxf8 Kxf8 16. Qe3 Nd7 17. Qh6+ Kg8 18. Rd1 Ne5 19. Be2 Qc7 20. Qe3 Bd7 21. Qf4 Kg7 22. c3 Re8 23. Nc2 Bc6 24. Qg3 Qb6 25. b3 Rd8 26. Nd4 Be4 27. Qe3 Bd5 28. Nf5+ 1-0

[Event "COL Subzt 2.3.4"]
[Site "Risarald"]
[Date "2021.11.23"]
[Round "1"]
[White "Pena Mora, Carlos"]
[Black "Tocua, Santiago"]
[Result "0-1"]
[WhiteElo "1442"]
[BlackElo "1908"]
[PlyCount "40"]
[EventDate "2021.11.23"]
[EventType "swiss"]
[EventRounds "9"]
[EventCountry "COL"]
[SourceTitle "CBM 205 Extra"]
[Source "ChessBase"]
[SourceDate "2022.01.31"]
[SourceVersion "1"]
[SourceVersionDate "2022.01.31"]
[SourceQuality "1"]

1. Nc3 c5 2. e4 Nc6 3. Nge2 g6 4. d4 cxd4 5. Nxd4 Bg7 6. Be3 Nf6 7. f3 0-0 8. Qd2 d5 9. Bh6 Bxh6 10. Qxh6 Nxd4 11. 0-0-0 e5 12. Nxd5 Nxd5 13. exd5 Qxd5 14. b3 Bf5 15. Bd3 Bxd3 16. Rxd3 Rac8 17. c4 Rxc4+ 18. bxc4 Qxc4+ 19. Kd2 Qc2+ 20. Ke3 Qe2# 0-1

[Event "Tolima Deportivo op"]
[Site "Tolima"]
[Date "2021.11.13"]
[Round "2"]
[White "Gonzalez Chaux, Lucas"]
[Black "Pena Mora, Carlos"]
[Result "0-1"]
[WhiteElo "1191"]
[BlackElo "1442"]
[PlyCount "58"]
[EventDate "2021.11.12"]
[EventType "swiss"]
[EventRounds "7"]
[EventCountry "COL"]
[SourceTitle "CBM 205 Extra"]
[Source "ChessBase"]
[SourceDate "2022.01.31"]
[SourceVersion "1"]
[SourceVersionDate "2022.01.31"]
[SourceQuality "1"]

1. e4 c6 2. Nf3 d5 3. Nc3 d4 4. Ne2 d3 5. cxd3 c5 6. Qa4+ Nc6 7. Ng5 h6 8. Nxf7 Kxf7 9. Qc4+ e6 10. Nc3 Ne5 11. Qb3 Nxd3+ 12. Ke2 Nf6 13. Ke3 Ng4+ 14. Kf3 Ngxf2 15. Rg1 Bd6 16. g3 Rf8 17. Bxd3 Nxd3 18. Ke3 Be7 19. Rf1+ Kg8 20. Rxf8+ Kxf8 21. Qc4 Bg5+ 22. Ke2 Nxc1+ 23. Rxc1 Qxd2+ 24. Kf3 Qxc1 25. Qxc5+ Be7 26. Qe5 Qf1+ 27. Kg4 Qf6 28. Qc7 e5+ 29. Kh5 Qg5# 0-1

[Event "Soacha op-B"]
[Site "Soacha"]
[Date "2021.09.12"]
[Round "9"]
[White "Marulanda, Carlos Andres"]
[Black "Pena Mora, Carlos"]
[Result "1-0"]
[WhiteElo "1881"]
[BlackElo "1449"]
[PlyCount "39"]
[EventDate "2021.09.08"]
[EventType "swiss"]
[EventRounds "9"]
[EventCountry "COL"]
[SourceTitle "CBM 204 Extra"]
[Source "ChessBase"]
[SourceDate "2021.11.30"]
[SourceVersion "1"]
[SourceVersionDate "2021.11.30"]
[SourceQuality "1"]

1. Nf3 d5 2. c4 e6 3. d4 f5 4. cxd5 exd5 5. Bf4 Nf6 6. Nc3 c6 7. e3 Bd6 8. Ne5 Qc7 9. Rc1 a6 10. Bd3 Nbd7 11. Nxd7 Bxd7 12. Bg5 0-0 13. Bxf6 Rxf6 14. Nxd5 Qa5+ 15. Nc3 Re8 16. 0-0 f4 17. Ne4 Rh6 18. Nxd6 Rxd6 19. Rc5 Qxa2 20. Bc4+ 1-0

[Event "COL-ch sf"]
[Site "Santa Rosa"]
[Date "2021.08.16"]
[Round "11"]
[White "Sanchez Burgos, Carlos Antonio"]
[Black "Pena Mora, Carlos"]
[Result "0-1"]
[WhiteElo "1294"]
[BlackElo "1476"]
[PlyCount "52"]
[EventDate "2021.08.11"]
[EventType "swiss"]
[EventRounds "11"]
[EventCountry "COL"]
[SourceTitle "CBM 204 Extra"]
[Source "ChessBase"]
[SourceDate "2021.11.30"]
[SourceVersion "1"]
[SourceVersionDate "2021.11.30"]
[SourceQuality "1"]

1. e4 c6 2. Nc3 d5 3. exd5 cxd5 4. d4 Nf6 5. Nf3 Bg4 6. Bf4 a6 7. Be2 e6 8. 0-0 Be7 9. Ne5 Bxe2 10. Qxe2 Nc6 11. Rad1 0-0 12. Rfe1 Rc8 13. Qf3 b5 14. a3 b4 15. Nxc6 Rxc6 16. axb4 Bxb4 17. Bg5 Be7 18. h4 h6 19. Bc1 Qc7 20. Bf4 Bd6 21. Bxh6 Ne4 22. Qg4 f5 23. Qg6 Rf6 24. Qe8+ Kh7 25. Bg5 Bh2+ 26. Kh1 Nxf2# 0-1

[Event "COL-ch sf"]
[Site "Santa Rosa"]
[Date "2021.08.14"]
[Round "7"]
[White "Loaiza Cuervo, Santiago"]
[Black "Pena Mora, Carlos"]
[Result "1-0"]
[WhiteElo "1753"]
[BlackElo "1476"]
[PlyCount "25"]
[EventDate "2021.08.11"]
[EventType "swiss"]
[EventRounds "11"]
[EventCountry "COL"]
[SourceTitle "CBM 204 Extra"]
[Source "ChessBase"]
[SourceDate "2021.11.30"]
[SourceVersion "1"]
[SourceVersionDate "2021.11.30"]
[SourceQuality "1"]

1. e4 c6 2. d4 d5 3. e5 Bf5 4. Nf3 e6 5. Be2 h5 6. 0-0 c5 7. Be3 Nc6 8. c4 b6 9. cxd5 exd5 10. dxc5 Be6 11. Bb5 Qd7 12. Nd4 Rc8 13. Qa4 1-0

[Event "COL-ch Amateur U1700"]
[Site "Paipa"]
[Date "2020.03.01"]
[Round "9"]
[White "Pena Mora, Carlos"]
[Black "Cubillos, Carlos Alberto"]
[Result "0-1"]
[WhiteElo "1501"]
[BlackElo "1722"]
[PlyCount "56"]
[EventDate "2020.02.26"]
[EventType "swiss"]
[EventRounds "9"]
[EventCountry "COL"]
[SourceTitle "EXT 2021"]
[Source "ChessBase"]
[SourceDate "2020.10.23"]
[SourceVersion "1"]
[SourceVersionDate "2020.10.23"]
[SourceQuality "1"]

1. Nf3 Nf6 2. c4 c5 3. d4 cxd4 4. Nxd4 Nc6 5. Nc3 g6 6. g3 Bg7 7. Nc2 0-0 8. Bg2 d6 9. 0-0 Be6 10. Ne3 Qc8 11. Re1 Bh3 12. Bh1 h5 13. Ned5 h4 14. Nxf6+ Bxf6 15. Bh6 Re8 16. Qd2 hxg3 17. hxg3 Qg4 18. b3 Qh5 19. Rad1 Bxc3 20. Qxc3 Qxh6 21. e4 f6 22. c5 dxc5 23. Qxc5 Kg7 24. Qe3 g5 25. Bg2 Rh8 26. Kf1 Bxg2+ 27. Ke2 Qh5+ 28. f3 Ne5 0-1

[Event "COL-ch Amateur U1700"]
[Site "Paipa"]
[Date "2020.02.28"]
[Round "4"]
[White "Pena Mora, Carlos"]
[Black "Arevalo Munar, Stephania"]
[Result "1-0"]
[WhiteElo "1501"]
[BlackElo "1401"]
[PlyCount "45"]
[EventDate "2020.02.26"]
[EventType "swiss"]
[EventRounds "9"]
[EventCountry "COL"]
[SourceTitle "EXT 2021"]
[Source "ChessBase"]
[SourceDate "2020.10.23"]
[SourceVersion "1"]
[SourceVersionDate "2020.10.23"]
[SourceQuality "1"]

1. Nf3 d5 2. c4 c6 3. b3 e6 4. Bb2 Bd6 5. g3 Ne7 6. Bxg7 Rg8 7. Bb2 Ng6 8. d3 Nd7 9. Nbd2 b5 10. cxb5 cxb5 11. Bg2 Bb7 12. 0-0 Rc8 13. Rc1 Rxc1 14. Qxc1 Qc7 15. Qa1 Kd8 16. a3 Bc6 17. b4 Re8 18. Nb3 Ne7 19. Rc1 Nb8 20. Ng5 Rg8 21. Nxf7+ Kd7 22. Nxd6 Qxd6 23. Be5 1-0

[Event "COL-ch Amateur U1700"]
[Site "Paipa"]
[Date "2020.02.27"]
[Round "2"]
[White "Pena Mora, Carlos"]
[Black "Toca Suarez, Luis Alberto"]
[Result "1/2-1/2"]
[WhiteElo "1501"]
[BlackElo "1718"]
[PlyCount "63"]
[EventDate "2020.02.26"]
[EventType "swiss"]
[EventRounds "9"]
[EventCountry "COL"]
[SourceTitle "EXT 2021"]
[Source "ChessBase"]
[SourceDate "2020.10.23"]
[SourceVersion "1"]
[SourceVersionDate "2020.10.23"]
[SourceQuality "1"]

1. Nf3 c5 2. e4 Nc6 3. Nc3 e6 4. d4 cxd4 5. Nxd4 a6 6. Be3 Nge7 7. a4 g6 8. a5 Bg7 9. Qd2 d5 10. Na4 dxe4 11. 0-0-0 Qxa5 12. Qxa5 Nxa5 13. Nb6 Rb8 14. h4 e5 15. Ne2 h5 16. Nc3 f5 17. Bc5 Nac6 18. Bd6 0-0 19. Bc4+ Kh7 20. Bxb8 Nxb8 21. Ncd5 Nbc6 22. Nxe7 Nxe7 23. Nxc8 Rxc8 24. Bb3 Rc7 25. Rd8 Nc6 26. Re8 Nd4 27. Bg8+ Kh6 28. f3 a5 29. Kd2 Nc6 30. Rd1 f4 31. Ke2 Bf6 32. g3 1/2-1/2

[Event "Tolima Departamenl Amateur-ch"]
[Site "Tolima"]
[Date "2020.01.08"]
[Round "3"]
[White "Pena Mora, Carlos"]
[Black "Tello, Nicolas Eduardo"]
[Result "1/2-1/2"]
[WhiteElo "1501"]
[BlackElo "1321"]
[PlyCount "52"]
[EventDate "2020.01.07"]
[EventType "swiss"]
[EventRounds "5"]
[EventCountry "COL"]
[SourceTitle "CBM 195 Extra"]
[Source "ChessBase"]
[SourceDate "2020.05.31"]
[SourceVersion "1"]
[SourceVersionDate "2020.05.31"]
[SourceQuality "1"]

1. c4 c5 2. Nf3 Nc6 3. Nc3 d6 4. d4 cxd4 5. Nxd4 Bd7 6. g3 g6 7. Bg2 Rc8 8. b3 Bg7 9. e3 Qb6 10. Nd5 Qd8 11. Bb2 e6 12. Nc3 Nge7 13. Ndb5 d5 14. Nd6+ Kf8 15. Nxc8 Bxc8 16. cxd5 Nxd5 17. Na4 Bxb2 18. Nxb2 Qf6 19. Nc4 Nc3 20. Qd6+ Kg7 21. Bxc6 bxc6 22. Qe5 Ba6 23. Qxf6+ Kxf6 24. f3 Rd8 25. 0-0 Bxc4 26. bxc4 c5 1/2-1/2

[Event "COL-ch U1800"]
[Site "Villamaria"]
[Date "2019.11.03"]
[Round "4"]
[White "Beltran, Martha Cecilia"]
[Black "Pena Mora, Carlos"]
[Result "1/2-1/2"]
[WhiteElo "1633"]
[BlackElo "1503"]
[PlyCount "82"]
[EventDate "2019.11.01"]
[EventType "swiss"]
[EventRounds "7"]
[EventCountry "COL"]
[SourceTitle "CBM 193 Extra"]
[Source "ChessBase"]
[SourceDate "2020.01.31"]
[SourceVersion "1"]
[SourceVersionDate "2020.01.31"]
[SourceQuality "1"]

1. d4 Nf6 2. c4 e6 3. Nf3 b6 4. g3 Bb7 5. Bg2 c5 6. e3 Be7 7. 0-0 0-0 8. Nc3 a6 9. d5 d6 10. a4 e5 11. e4 Nbd7 12. Ne1 Re8 13. f4 exf4 14. gxf4 Qc7 15. Nd3 Bf8 16. Be3 Rad8 17. Bf2 Bc8 18. Re1 g6 19. Bh4 Bg7 20. Nf2 h5 21. Qd3 Kh7 22. f5 Ne5 23. fxg6+ fxg6 24. Qf1 Rd7 25. Nh3 Rf8 26. Ng5+ Kg8 27. Ne6 Qa7 28. Nxf8 Kxf8 29. Bxf6 Rf7 30. Bxg7+ Kxg7 31. Qe2 Bg4 32. Qc2 Bf3 33. Rf1 Qe7 34. Bxf3 Nxf3+ 35. Rxf3 Rxf3 36. Qe2 Rf4 37. Kh1 Qe5 38. Rf1 Rg4 39. Qf2 Qe7 40. Qe3 Qe5 41. Qf2 Qe7 1/2-1/2

[Event "COL-chD"]
[Site "Bogota"]
[Date "2019.08.30"]
[Round "4"]
[White "Cuellar, Jose Gabriel"]
[Black "Pena Mora, Carlos"]
[Result "1-0"]
[WhiteElo "1652"]
[BlackElo "1515"]
[PlyCount "93"]
[EventDate "2019.08.28"]
[EventType "swiss"]
[EventRounds "7"]
[EventCountry "COL"]
[SourceTitle "EXT 2020"]
[Source "ChessBase"]
[SourceDate "2019.10.17"]
[SourceVersion "1"]
[SourceVersionDate "2019.10.17"]
[SourceQuality "1"]

1. d4 Nf6 2. Bf4 c5 3. e3 e6 4. c3 d5 5. Nd2 Nc6 6. Ngf3 Be7 7. h3 Qb6 8. Qc2 Bd7 9. a3 Rc8 10. Bd3 c4 11. Be2 Na5 12. Ne5 Nb3 13. Nxb3 Ba4 14. Qd2 Qxb3 15. f3 Qc2 16. Qxc2 Bxc2 17. Rc1 Ba4 18. g4 Nd7 19. Bg3 f6 20. Nxd7 Kxd7 21. f4 Rc6 22. Bd1 Bxd1 23. Kxd1 a5 24. a4 Rb8 25. h4 b5 26. axb5 Rxb5 27. Rb1 a4 28. Kc2 Rcb6 29. f5 exf5 30. gxf5 Ra5 31. h5 h6 32. Rhg1 Bf8 33. Bf4 a3 34. bxa3 Rb3 35. Rxb3 cxb3+ 36. Kxb3 Rxa3+ 37. Kb2 Ra8 38. Ra1 Rxa1 39. Kxa1 Bd6 40. Kb2 Bxf4 41. exf4 Kc6 42. Ka3 Kb5 43. Kb3 Ka5 44. c4 dxc4+ 45. Kxc4 Kb6 46. Kd5 Kc7 47. Ke6 1-0

[Event "Tunja Boyaca op-B"]
[Site "Tunja"]
[Date "2019.08.03"]
[Round "6"]
[White "Pena Mora, Carlos"]
[Black "Villafane Sanchez, Fabio Andres"]
[Result "0-1"]
[WhiteElo "1515"]
[BlackElo "1849"]
[PlyCount "68"]
[EventDate "2019.07.31"]
[EventType "swiss"]
[EventRounds "9"]
[EventCountry "COL"]
[SourceTitle "EXT 2020"]
[Source "ChessBase"]
[SourceDate "2019.10.17"]
[SourceVersion "1"]
[SourceVersionDate "2019.10.17"]
[SourceQuality "1"]

1. Nf3 d6 2. d4 Bg4 3. c4 e6 4. Nc3 Nf6 5. Bg5 c6 6. e4 Be7 7. Be2 0-0 8. 0-0 d5 9. e5 Nfd7 10. Bf4 Bxf3 11. gxf3 f5 12. Kh1 g5 13. Rg1 Kh8 14. Bd2 f4 15. cxd5 cxd5 16. Rc1 Nc6 17. Nb5 a6 18. Nd6 Nxd4 19. Bd3 Nxe5 20. Nxb7 Nxd3 21. Be1 Qb6 22. Qxd3 Qxb7 23. Qxd4+ Bf6 24. Qb4 Qxb4 25. Bxb4 Rfc8 26. b3 Kg7 27. Bc5 Kf7 28. Rgd1 Rc6 29. Rc2 Rac8 30. b4 a5 31. a3 axb4 32. axb4 Be7 33. Rdc1 Bxc5 34. bxc5 d4 0-1

[Event "Tunja Boyaca op-B"]
[Site "Tunja"]
[Date "2019.08.02"]
[Round "4"]
[White "Gonzalez Lopez, Eulises"]
[Black "Pena Mora, Carlos"]
[Result "1/2-1/2"]
[WhiteElo "1770"]
[BlackElo "1515"]
[PlyCount "76"]
[EventDate "2019.07.31"]
[EventType "swiss"]
[EventRounds "9"]
[EventCountry "COL"]
[SourceTitle "EXT 2020"]
[Source "ChessBase"]
[SourceDate "2019.10.17"]
[SourceVersion "1"]
[SourceVersionDate "2019.10.17"]
[SourceQuality "1"]

1. a3 e5 2. b4 d5 3. Bb2 Nd7 4. Nf3 Bd6 5. e3 Ngf6 6. c4 c6 7. cxd5 cxd5 8. Bb5 0-0 9. 0-0 e4 10. Nd4 Ne5 11. h3 Bd7 12. Nc3 a6 13. Bxd7 Qxd7 14. Nce2 Nd3 15. Bc3 b5 16. Nc1 Ne5 17. f4 exf3 18. Nxf3 Qc7 19. Nxe5 Bxe5 20. Ne2 Bxc3 21. Nxc3 Rad8 22. Rc1 Qe5 23. Qf3 d4 24. Nd1 dxe3 25. dxe3 Rd3 26. Rc5 Qa1 27. Rg5 Kh8 28. Nf2 Qxa3 29. Nxd3 Qxd3 30. Kh1 Qc4 31. Rxg7 Kxg7 32. Qxf6+ Kg8 33. Rf4 Qc1+ 34. Kh2 Qc7 35. Kg1 Rc8 36. Rg4+ Kf8 37. Rg7 Qe7 38. Qd4 Rd8 1/2-1/2

[Event "Gachantiva op 9th"]
[Site "Gachantiva"]
[Date "2019.06.24"]
[Round "6"]
[White "Arango Leon, Andres Felipe"]
[Black "Pena Mora, Carlos"]
[Result "1-0"]
[WhiteElo "1677"]
[BlackElo "1528"]
[PlyCount "43"]
[EventDate "2019.06.21"]
[EventType "swiss"]
[EventRounds "7"]
[EventCountry "COL"]
[SourceTitle "CBM 191 Extra"]
[Source "ChessBase"]
[SourceDate "2019.09.30"]
[SourceVersion "1"]
[SourceVersionDate "2019.09.30"]
[SourceQuality "1"]

1. e4 e6 2. d4 d5 3. Bd3 dxe4 4. Bxe4 Nf6 5. Bf3 c5 6. Ne2 Nc6 7. Be3 cxd4 8. Nxd4 Ne5 9. Nc3 a6 10. 0-0 Nxf3+ 11. Qxf3 Bd6 12. Rad1 0-0 13. Bg5 h6 14. Bh4 g5 15. Bg3 Bxg3 16. fxg3 Ne8 17. Kh1 Qc7 18. Qh5 Kh7 19. Ne4 Qe7 20. Nf3 f6 21. Nd4 Ng7 22. Qe2 1-0

[Event "Gachantiva op 9th"]
[Site "Gachantiva"]
[Date "2019.06.23"]
[Round "5"]
[White "Pena Mora, Carlos"]
[Black "Beltran Cubillos, Santiago"]
[Result "0-1"]
[WhiteElo "1528"]
[BlackElo "1830"]
[PlyCount "110"]
[EventDate "2019.06.21"]
[EventType "swiss"]
[EventRounds "7"]
[EventCountry "COL"]
[SourceTitle "CBM 191 Extra"]
[Source "ChessBase"]
[SourceDate "2019.09.30"]
[SourceVersion "1"]
[SourceVersionDate "2019.09.30"]
[SourceQuality "1"]

1. Nf3 e6 2. c4 b6 3. e3 Bb7 4. Nc3 g6 5. d4 Bg7 6. Be2 Ne7 7. e4 d5 8. cxd5 exd5 9. e5 0-0 10. Bg5 h6 11. Bd2 c5 12. Nb5 cxd4 13. Nbxd4 Nbc6 14. Nxc6 Nxc6 15. Bc3 Re8 16. Bb5 a6 17. Bxc6 Bxc6 18. 0-0 Qe7 19. Re1 Rad8 20. Qd4 b5 21. Rad1 Rc8 22. Bb4 Qe6 23. Qd2 Bb7 24. Qf4 Rc4 25. Qd2 Rec8 26. Bc3 Qe7 27. a3 Re4 28. Qd3 g5 29. Nd2 Rxe1+ 30. Rxe1 f6 31. Qf5 Re8 32. Bb4 Qe6 33. Qxe6+ Rxe6 34. Nf3 fxe5 35. Rc1 Rc6 36. Bc5 e4 37. Ne1 Bxb2 38. Rc2 Be5 39. g4 Kf7 40. h3 Ke6 41. Kf1 d4 42. Bf8 d3 43. Rxc6+ Bxc6 44. Ng2 Bd6 45. Bxh6 Kf6 46. h4 gxh4 47. Nxh4 Bxa3 48. g5+ Kf7 49. g6+ Kg8 50. Nf5 Be8 51. g7 Bg6 52. Ne3 Bb2 53. Ke1 Bxg7 54. Bf4 Bc3+ 55. Kd1 Bf7 0-1